[Event "Torneo dello Jonio"]
[Site "Isola di Capo Rizzuto ITA"]
[Date "2014.07.11"]
[Round "5"]
[White "Malerba, Gianluca"]
[Black "Morelli, Gaetano"]
[WhiteElo "1476"]
[BlackElo "1913"]
[Result "0-1"]
[PlyCount "82"]
[EventDate "2014.07.07"]

1. e4 d5 2. exd5 Qxd5 3. Nc3 Qd6 4. Bc4 Nf6 5. h3 a6 6. a4 Nc6 7. Nf3 e5 8. O-O
Be6 9. Bd3 h6 10. Ne4 Qd7 11. Ng3 g5 12. Be4 Nxe4 13. Nxe4 Be7 14. g4 f5 15.
Ng3 fxg4 16. Nh2 gxh3 17. d3 O-O-O 18. Be3 h5 19. Qd2 h4 20. Ne4 g4 21. Bg5 Nd4
22. Qe3 Nxc2 23. Qa7 c6 24. Bxe7 Qxe7 25. Nc5 Bf5 26. Qa8+ Kc7 27. Qxb7+ Kd6
28. Rac1 Nd4 29. Qb4 Rb8 30. Nb7+ Ke6 31. Nc5+ Kf6 32. Qa3 Qg7 33. Ne4+ Bxe4
34. Qd6+ Ne6 35. dxe4 Rhd8 36. Qxc6 Qg6 37. Kh1 Rbc8 38. Qb7 Rxc1 39. Rxc1 Rd4
40. f3 gxf3 41. Rg1 Qg2+ 0-1

[Event "Torneo dello Jonio"]
[Site "Isola di Capo Rizzuto ITA"]
[Date "2014.07.11"]
[Round "5"]
[White "Manfredi, Candido"]
[Black "Rametta, Marcello"]
[WhiteElo "1726"]
[BlackElo "1788"]
[Result "1/2-1/2"]
[PlyCount "80"]
[EventDate "2014.07.07"]

1. d4 d5 2. c4 c6 3. Nc3 Nf6 4. e3 e6 5. Nf3 Be7 6. Bd3 h6 7. O-O b6 8. cxd5
exd5 9. e4 dxe4 10. Nxe4 O-O 11. Be3 Bg4 12. h3 Bh5 13. Ng3 Bd6 14. Nxh5 Nxh5
15. Rc1 Nf6 16. Bb1 Re8 17. Qc2 Qe7 18. Rfe1 Qc7 19. Nh4 Bf4 20. Nf5 Bxe3 21.
Rxe3 Rxe3 22. fxe3 g6 23. Nxh6+ Kg7 24. Ng4 Nxg4 25. hxg4 Qg3 26. Qe4 Nd7 27.
Qf3 Qh4 28. a3 Rc8 29. Ba2 Nf6 30. e4 Qxg4 31. Qxg4 Nxg4 32. d5 Ne5 33. Rc3 c5
34. Rc2 Rd8 35. b4 cxb4 36. axb4 Nd3 37. Rc7 Nxb4 38. Rxa7 Nxa2 39. Rxa2 Kf6
40. Kf2 Ke5 1/2-1/2

[Event "Torneo dello Jonio"]
[Site "Isola di Capo Rizzuto ITA"]
[Date "2014.07.11"]
[Round "5"]
[White "Palmieri, Francesco"]
[Black "Levato, Biagio"]
[WhiteElo "1620"]
[BlackElo "1593"]
[Result "0-1"]
[PlyCount "138"]
[EventDate "2014.07.07"]

1. e4 c5 2. c3 Nc6 3. d4 e6 4. Bb5 cxd4 5. cxd4 Qa5+ 6. Nc3 Bb4 7. Bd2 Bxc3 8.
Bxc6 Bxd2+ 9. Qxd2 Qxd2+ 10. Kxd2 bxc6 11. Nf3 d6 12. Rac1 Bb7 13. Rhe1 Ne7 14.
g3 O-O 15. Ng5 h6 16. Nh3 Rfd8 17. f4 c5 18. Nf2 cxd4 19. Rc7 Kf8 20. Rxb7 Rab8
21. Rxb8 Rxb8 22. b3 d5 23. Nd3 dxe4 24. Rxe4 Rd8 25. Re5 Rd6 26. Rc5 f6 27.
Rc7 a6 28. Nc5 e5 29. Ra7 h5 30. Nb7 Rb6 31. Nc5 Rd6 32. fxe5 Rd5 33. e6 Rxc5
34. Rxa6 Rc6 35. Ra8+ Rc8 36. Ra7 Re8 37. Kd3 Kg8 38. b4 Nc6 39. Rd7 Ne5+ 40.
Kxd4 Nxd7 41. exd7 Rd8 42. b5 Rxd7+ 43. Kc5 g5 44. a4 f5 45. b6 f4 46. gxf4
gxf4 47. Kc6 Rf7 48. a5 f3 49. a6 f2 50. b7 Rf6+ 51. Kc7 Rf7+ 52. Kc6 Rf8 53.
a7 f1=Q 54. b8=Q Qc4+ 55. Kb6 Qb4+ 56. Kc7 Qf4+ 57. Kb7 Qf7+ 58. Qc7 Qb3+ 59.
Qb6 Qd5+ 60. Ka6 Qa2+ 61. Kb7 Qd5+ 62. Ka6 Qa2+ 63. Kb7 Rf7+ 64. Kc8 Qc4+ 65.
Kb8 Rf8+ 66. Qd8 Rxd8+ 67. Kb7 Qc8+ 68. Kb6 Rd6+ 69. Kb5 Qa6+ 0-1

[Event "Torneo dello Jonio"]
[Site "Isola di Capo Rizzuto ITA"]
[Date "2014.07.12"]
[Round "6"]
[White "Forlano, Luigi"]
[Black "Colantonio, Marco"]
[WhiteElo "1956"]
[BlackElo "1705"]
[Result "1/2-1/2"]
[PlyCount "76"]
[EventDate "2014.07.07"]

1. d4 f5 2. h3 Nf6 3. g4 fxg4 4. hxg4 Nxg4 5. Qd3 d6 6. Rxh7 Rxh7 7. Qxh7 Qd7
8. Qh5+ Kd8 9. Bh3 Qf5 10. Qxf5 Bxf5 11. f3 Nh6 12. e4 Bxh3 13. Nxh3 Nc6 14.
Be3 e5 15. c3 exd4 16. cxd4 Kd7 17. Nc3 Be7 18. Nd5 Bh4+ 19. Ke2 Rf8 20. Rg1
Rf7 21. Ng5 Bxg5 22. Rxg5 Ne7 23. Nxe7 Rxe7 24. d5 Ng8 25. Bd4 Nf6 26. Ke3 a6
27. Kf4 Rf7 28. Rf5 c5 29. dxc6+ bxc6 30. Bxf6 gxf6 31. Ra5 Ke6 32. Rxa6 c5 33.
b3 Rh7 34. Rb6 Rh4+ 35. Ke3 Rh2 36. b4 cxb4 37. Rxb4 Rxa2 38. f4 f5 1/2-1/2

[Event "Torneo dello Jonio"]
[Site "Isola di Capo Rizzuto ITA"]
[Date "2014.07.12"]
[Round "6"]
[White "Guzzo, Giovanni"]
[Black "Bontempi, Piero"]
[WhiteElo "1696"]
[BlackElo "2360"]
[Result "0-1"]
[PlyCount "58"]
[EventDate "2014.07.07"]

1. e4 c5 2. Nf3 Nc6 3. d4 cxd4 4. Nxd4 g6 5. Bc4 Bg7 6. c3 Nxd4 7. cxd4 Qb6 8.
e5 d6 9. exd6 Bxd4 10. Qf3 Nf6 11. h3 Bxb2 12. Qe2 Qa5+ 13. Bd2 Qe5 14. O-O
Qxe2 15. Bxe2 Bxa1 16. dxe7 Ne4 17. Bb4 a5 18. Ba3 Bd7 19. Bd3 f5 20. f3 Bd4+
21. Kh2 Nc5 22. Re1 Nxd3 23. Rd1 Be5+ 24. g3 Nb4 25. f4 Bf6 26. Nd2 Be6 27. Nb3
Bxb3 28. axb3 Kxe7 29. Re1+ Kf7 0-1

[Event "Torneo dello Jonio"]
[Site "Isola di Capo Rizzuto ITA"]
[Date "2014.07.12"]
[Round "6"]
[White "Levato, Biagio"]
[Black "Manfredi, Candido"]
[WhiteElo "1593"]
[BlackElo "1726"]
[Result "1/2-1/2"]
[PlyCount "126"]
[EventDate "2014.07.07"]

1. e4 c6 2. d4 d5 3. Nc3 dxe4 4. Nxe4 Bf5 5. Ng3 Bg6 6. Nf3 h6 7. Bc4 e6 8. O-O
Nf6 9. Ne5 Bh7 10. c3 Nbd7 11. Qe2 Be7 12. Nxf7 Qc7 13. Qxe6 Nd5 14. Re1 Nf8
15. Nd6+ Kd8 16. Nf7+ Ke8 17. Qe5 Qxe5 18. Nxe5 Ng6 19. Bxd5 cxd5 20. Nd3 Kf7
21. Nf4 Rad8 22. b3 Bd6 23. Ngh5 Nxf4 24. Nxf4 g5 25. Nxd5 Bxh2+ 26. Kxh2 Rxd5
27. Bb2 Rf5 28. Re2 Re8 29. Rae1 Rxe2 30. Rxe2 Ra5 31. a4 Bd3 32. Re3 Bc2 33.
c4 Rf5 34. Kg1 a6 35. Ba3 b5 36. axb5 axb5 37. d5 bxc4 38. bxc4 Rf4 39. Rc3 Ba4
40. c5 Rd4 41. d6 Bc6 42. Re3 Re4 43. Kf1 h5 44. Rb3 Rc4 45. Rb6 Bd7 46. Rb7
Ke6 47. Rb3 Kd5 48. Rb7 Ke6 49. Rc7 Rc3 50. c6 Rxc6 51. Rxc6 Bxc6 52. f3 Kf5
53. Kf2 g4 54. Kg3 Bd7 55. f4 h4+ 56. Kxh4 Kxf4 57. g3+ Kf5 58. Bc1 Be8 59. Bf4
Bd7 60. Kh5 Kf6 61. Bg5+ Kg7 62. Bd8 Kf7 63. Be7 Be6 1/2-1/2

[Event "Torneo dello Jonio"]
[Site "Isola di Capo Rizzuto ITA"]
[Date "2014.07.12"]
[Round "6"]
[White "Morelli, Gaetano"]
[Black "Furnari, Francesco"]
[WhiteElo "1913"]
[BlackElo "1791"]
[Result "1-0"]
[PlyCount "105"]
[EventDate "2014.07.07"]

1. e4 d5 2. exd5 Qxd5 3. Nc3 Qa5 4. g3 Nf6 5. Bg2 c6 6. Nf3 Bg4 7. O-O e6 8. h3
Bh5 9. a3 Qc7 10. b4 a6 11. Rb1 Be7 12. d3 Nbd7 13. Qe1 O-O 14. a4 Nd5 15. b5
axb5 16. axb5 Nxc3 17. Qxc3 Bf6 18. Qb3 cxb5 19. Qxb5 Bg6 20. Ne1 Rfb8 21. Bf4
e5 22. Bd2 Ra6 23. f4 Rb6 24. Qa5 Qd6 25. Rxb6 Qd4+ 26. Kh1 Nxb6 27. f5 Bh5 28.
g4 Bxg4 29. hxg4 Bd8 30. Qb4 Qd7 31. c4 Ra8 32. Qb2 Qe7 33. g5 h6 34. f6 gxf6
35. gxf6 Qe6 36. Bxh6 Bxf6 37. Qf2 Nd7 38. Qg3+ Kh8 39. Qh2 Ra1 40. Be4 Bg7 41.
Bd2+ Kg8 42. Qh7+ Kf8 43. Bd5 Nf6 44. Bxe6 Nxh7 45. Rxf7+ Kg8 46. Rxb7+ Kh8 47.
Rb8+ Bf8 48. Bc3 Rxe1+ 49. Bxe1 Kg7 50. Bh4 Bc5 51. Rc8 Bd4 52. Bf5 Nf8 53. c5
1-0

[Event "Torneo dello Jonio"]
[Site "Isola di Capo Rizzuto ITA"]
[Date "2014.07.12"]
[Round "6"]
[White "Proietto, Francesco"]
[Black "Scerra, Ezio"]
[WhiteElo "1613"]
[BlackElo "1605"]
[Result "0-1"]
[PlyCount "66"]
[EventDate "2014.07.07"]

1. e4 e5 2. f4 Nc6 3. Nf3 d6 4. Bc4 Bg4 5. Bxf7+ Kxf7 6. Ng5+ Qxg5 7. fxg5 Bxd1
8. O-O+ Kg6 9. Rxd1 Nd4 10. a4 Nxc2 11. Ra2 Nd4 12. Rf1 Ne2+ 13. Kh1 Nxc1 14.
Rxc1 c6 15. Rf1 Kxg5 16. Ra3 Nf6 17. Rg3+ Kh6 18. Nc3 Be7 19. Rh3+ Kg6 20. g4
Nxg4 21. Rg3 h5 22. h3 Raf8 23. Rxf8 Bxf8 24. hxg4 hxg4+ 25. Kg2 Kg5 26. Nd1
Rh3 27. Rxg4+ Kxg4 28. Nf2+ Kf4 29. Nxh3+ Kxe4 30. Nf2+ Kf5 31. Kf3 d5 32. d3
Bc5 33. Nd1 e4+ 0-1

[Event "Torneo dello Jonio"]
[Site "Isola di Capo Rizzuto ITA"]
[Date "2014.07.12"]
[Round "6"]
[White "Rotoni, Matteo"]
[Black "Malerba, Gianluca"]
[WhiteElo "2188"]
[BlackElo "1476"]
[Result "1-0"]
[PlyCount "43"]
[EventDate "2014.07.07"]

1. e4 e5 2. Nf3 d6 3. d4 Nf6 4. Bc4 Be7 5. dxe5 Nxe4 6. Qd5 O-O 7. Qxe4 c6 8.
Bd3 g6 9. b3 Re8 10. Bb2 dxe5 11. O-O Bf6 12. Nxe5 Nd7 13. f4 Qc7 14. Qc4 Nxe5
15. fxe5 Be6 16. Qf4 Bg7 17. Nd2 Rad8 18. Ne4 Re7 19. Qh4 h6 20. Nf6+ Kh8 21.
Bc1 Qxe5 22. Bxh6 1-0

[Event "Torneo dello Jonio"]
[Site "Isola di Capo Rizzuto ITA"]
[Date "2014.07.13"]
[Round "7"]
[White "Bontempi, Piero"]
[Black "Morelli, Gaetano"]
[WhiteElo "2360"]
[BlackElo "1913"]
[Result "1-0"]
[PlyCount "51"]
[EventDate "2014.07.07"]

1. e4 d5 2. exd5 Qxd5 3. Nf3 Nf6 4. c4 Qd8 5. d4 c6 6. Nc3 g6 7. Be2 Bg7 8. O-O
O-O 9. Bf4 Nbd7 10. h3 b6 11. Qb3 Ba6 12. Rad1 Qc8 13. Rfe1 Re8 14. Qa3 Nh5 15.
Bh2 e5 16. dxe5 Nxe5 17. Nxe5 Bxe5 18. Bxh5 Bxh2+ 19. Kxh2 Rxe1 20. Rxe1 gxh5
21. Ne4 Bxc4 22. Nd6 Qa6 23. Qg3+ Kf8 24. Nf5 Be2 25. Qd6+ Kg8 26. Qh6 1-0

[Event "Torneo dello Jonio"]
[Site "Isola di Capo Rizzuto ITA"]
[Date "2014.07.13"]
[Round "7"]
[White "Colantonio, Marco"]
[Black "Rametta, Marcello"]
[WhiteElo "1705"]
[BlackElo "1788"]
[Result "1-0"]
[PlyCount "87"]
[EventDate "2014.07.07"]

1. e4 c5 2. c3 e6 3. d4 cxd4 4. cxd4 d5 5. e5 a6 6. a3 Nc6 7. Nf3 h6 8. Nc3 b5
9. b4 Qb6 10. g3 Nge7 11. Bg2 Nf5 12. Ne2 a5 13. bxa5 Nxa5 14. Bd2 Nc4 15. Bb4
Bxb4+ 16. axb4 Rxa1 17. Qxa1 O-O 18. O-O Bb7 19. Qc3 Ra8 20. Ra1 Ra4 21. Rxa4
bxa4 22. Nd2 Ba6 23. Nxc4 Bxc4 24. Bf1 Bxe2 25. Bxe2 Qxd4 26. Qc8+ Kh7 27. b5
a3 28. Qa6 Qxe5 29. b6 Nd4 30. Bd3+ g6 31. Qxa3 Nf3+ 32. Kg2 Ne1+ 33. Kf1 Nxd3
34. Qxd3 d4 35. b7 Qb8 36. Qf3 Qc7 37. Qb3 d3 38. b8=Q Qc1+ 39. Kg2 Qc6+ 40.
Kh3 Qf3 41. Qf4 Qh5+ 42. Kg2 Kg7 43. Qxd3 e5 44. Qfe4 1-0

[Event "Torneo dello Jonio"]
[Site "Isola di Capo Rizzuto ITA"]
[Date "2014.07.13"]
[Round "7"]
[White "Furnari, Francesco"]
[Black "Manfredi, Candido"]
[WhiteElo "1791"]
[BlackElo "1726"]
[Result "1-0"]
[PlyCount "109"]
[EventDate "2014.07.07"]

1. c4 Nf6 2. Nc3 e6 3. g3 c6 4. e4 d6 5. Bg2 Be7 6. Nf3 Nbd7 7. d4 O-O 8. h3 e5
9. O-O exd4 10. Nxd4 a6 11. a4 Ne5 12. Qe2 Bd7 13. Be3 Qc8 14. Kh2 c5 15. Nc2
Rb8 16. Rfd1 Rd8 17. Bf4 Qc7 18. Ne3 Bc6 19. Bg5 Ned7 20. Ned5 Bxd5 21. cxd5 h6
22. Be3 Ne5 23. f4 Ng6 24. a5 Re8 25. Qd2 Rbc8 26. Na4 Bf8 27. Nb6 Rb8 28. e5
Nd7 29. Nc4 Be7 30. Qd3 Bf8 31. e6 Nf6 32. exf7+ Qxf7 33. Bd2 Red8 34. Bc3 Re8
35. b4 Nh5 36. Rf1 Rbd8 37. Rad1 cxb4 38. Bxb4 Be7 39. Rde1 Nf8 40. Re2 Rd7 41.
Rfe1 Red8 42. Bf3 Nf6 43. Bc3 N6h7 44. Bd4 Bf6 45. Bb6 Rb8 46. Bg4 Re7 47. Nxd6
Rxe2+ 48. Rxe2 Qg6 49. f5 Qg5 50. Be3 Qxg4 51. hxg4 Be5 52. Bf4 Bf6 53. Qb3 Ng5
54. Kg2 Kh7 55. Re8 1-0

[Event "Torneo dello Jonio"]
[Site "Isola di Capo Rizzuto ITA"]
[Date "2014.07.13"]
[Round "7"]
[White "Grillo, Gianluca"]
[Black "Palmieri, Francesco"]
[WhiteElo "1373"]
[BlackElo "1620"]
[Result "0-1"]
[PlyCount "68"]
[EventDate "2014.07.07"]

1. d4 Nf6 2. Bf4 g6 3. e3 b6 4. Be2 Bg7 5. Bf3 d5 6. Nd2 Bb7 7. Be2 O-O 8. Ngf3
Nbd7 9. O-O Re8 10. Rc1 c5 11. c3 c4 12. b3 b5 13. bxc4 dxc4 14. Rb1 Nd5 15.
Qc1 Qa5 16. Nxc4 bxc4 17. Rxb7 N7b6 18. Ne5 Nxc3 19. Bxc4 Nxc4 20. Qc2 Nxe5 21.
Bxe5 Bxe5 22. dxe5 Nxa2 23. f4 Nb4 24. Qd2 Rab8 25. Rd7 Qb6 26. Rf3 a5 27. f5
Nc6 28. Rd5 Rbd8 29. e6 f6 30. Rd7 Ne5 31. Rxd8 Rxd8 32. Qc2 Nxf3+ 33. gxf3
Qxe3+ 34. Kg2 Rd2+ 0-1

[Event "Torneo dello Jonio"]
[Site "Isola di Capo Rizzuto ITA"]
[Date "2014.07.13"]
[Round "7"]
[White "Guzzo, Giovanni"]
[Black "Levato, Biagio"]
[WhiteElo "1696"]
[BlackElo "1593"]
[Result "1/2-1/2"]
[PlyCount "86"]
[EventDate "2014.07.07"]

1. e4 c5 2. Nf3 Nc6 3. c3 e6 4. d4 cxd4 5. cxd4 Nge7 6. Nc3 a6 7. Be2 Qc7 8.
O-O b6 9. Be3 Bb7 10. a3 Rd8 11. h3 d5 12. e5 Nf5 13. Nh2 Be7 14. Bg4 Nxe3 15.
fxe3 O-O 16. Rc1 Qb8 17. Na4 Ba8 18. Qd3 Qb7 19. Be2 Nb8 20. Bd1 Nd7 21. Bc2 g6
22. Ng4 f5 23. exf6 Nxf6 24. Nxf6+ Bxf6 25. Rf2 e5 26. Rcf1 e4 27. Qe2 Kg7 28.
Qg4 Qd7 29. Qxd7+ Rxd7 30. Nxb6 Rd6 31. Na4 Bc6 32. g3 Bb5 33. Rc1 Rc8 34. Nc5
a5 35. a4 Bc6 36. Bd1 h5 37. Kg2 Re8 38. Rf1 Rf8 39. Bc2 Re8 40. b3 Rb8 41. Na6
Rb7 42. Nc5 Rb6 43. Bd1 Rb8 1/2-1/2

[Event "Torneo dello Jonio"]
[Site "Isola di Capo Rizzuto ITA"]
[Date "2014.07.13"]
[Round "7"]
[White "Proietto, Francesco"]
[Black "Galardo, Emanuele"]
[WhiteElo "1613"]
[BlackElo "1423"]
[Result "1-0"]
[PlyCount "121"]
[EventDate "2014.07.07"]

1. e4 e5 2. f4 Nc6 3. Nf3 f6 4. Bc4 Nge7 5. O-O d5 6. exd5 Nxd5 7. fxe5 Bg4 8.
exf6 Nxf6 9. Nc3 Bxf3 10. Qxf3 Qd4+ 11. Qe3+ Qxe3+ 12. dxe3 O-O-O 13. e4 Bc5+
14. Kh1 Rhe8 15. Bg5 Be7 16. a4 Nh5 17. Bxe7 Rxe7 18. Rad1 Rxd1 19. Rxd1 a6 20.
g3 Nf6 21. Re1 Ne5 22. Ba2 c6 23. Kg2 Ng6 24. h3 b5 25. axb5 axb5 26. g4 h6 27.
b4 Kb7 28. Kg3 Ne5 29. Nd1 Kb6 30. Nf2 g5 31. Nd3 Nfd7 32. Nxe5 Rxe5 33. Bf7 c5
34. c3 Nb8 35. bxc5+ Kxc5 36. h4 Nc6 37. hxg5 hxg5 38. Kf3 b4 39. cxb4+ Nxb4
40. Rd1 Na6 41. Rd5+ Rxd5 42. exd5 Kd6 43. Ke4 Ke7 44. Be6 Kf6 45. Bf5 Nb8 46.
d6 Na6 47. d7 Nc5+ 48. Kd5 Nxd7 49. Bxd7 Kg6 50. Ke5 Kg7 51. Kf5 Kh6 52. Kf6
Kh7 53. Kxg5 Kg7 54. Bc8 Kg8 55. Kg6 Kf8 56. Kh7 Kf7 57. g5 Kf8 58. g6 Ke7 59.
g7 Kf7 60. g8=Q+ Kf6 61. Qd5 1-0

[Event "Torneo dello Jonio"]
[Site "Isola di Capo Rizzuto ITA"]
[Date "2014.07.13"]
[Round "7"]
[White "Rotoni, Matteo"]
[Black "Forlano, Luigi"]
[WhiteElo "2188"]
[BlackElo "1956"]
[Result "0-1"]
[PlyCount "92"]
[EventDate "2014.07.07"]

1. e4 Nf6 2. d3 d5 3. Nd2 e5 4. Ngf3 Nbd7 5. c3 c6 6. Be2 Bd6 7. O-O Qc7 8. Re1
O-O 9. Bf1 Re8 10. Nh4 Bf8 11. Ndf3 dxe4 12. dxe4 Nc5 13. Qc2 a5 14. a4 Be6 15.
c4 Rad8 16. b3 b6 17. Bb2 Bc8 18. h3 Nfd7 19. Nf5 Ne6 20. Rad1 g6 21. Ne3 Bb4
22. Bc3 Bxc3 23. Qxc3 f6 24. Nc2 Ndf8 25. b4 Rxd1 26. Rxd1 axb4 27. Qxb4 c5 28.
Qb3 Nd4 29. Nfxd4 exd4 30. Rb1 Rxe4 31. Qxb6 Qxb6 32. Rxb6 Re6 33. Rb5 Nd7 34.
Bd3 f5 35. f4 Ba6 36. Ra5 Kf8 37. Kf2 Ke7 38. Na3 Nb8 39. Rxc5 Nc6 40. Nb5 Nb4
41. Be2 d3 42. Bf3 d2 43. Rc7+ Kd8 44. Rxh7 Nd3+ 45. Kg3 Bxb5 46. cxb5 Re3 0-1

[Event "Torneo dello Jonio"]
[Site "Isola di Capo Rizzuto ITA"]
[Date "2014.07.13"]
[Round "7"]
[White "Scerra, Ezio"]
[Black "Malerba, Gianluca"]
[WhiteElo "1605"]
[BlackElo "1476"]
[Result "0-1"]
[PlyCount "94"]
[EventDate "2014.07.07"]

1. e4 e5 2. Bc4 Nf6 3. Nc3 Be7 4. Nf3 d6 5. d4 exd4 6. Nxd4 O-O 7. Nf5 Bxf5 8.
exf5 c6 9. O-O d5 10. Bd3 Nbd7 11. Bf4 Nc5 12. Be2 Nfe4 13. Nxe4 Nxe4 14. f3
Bc5+ 15. Kh1 Nf2+ 16. Rxf2 Bxf2 17. Qd3 Qh4 18. g3 Qf6 19. c3 Rfe8 20. Kg2 Bb6
21. g4 h6 22. Bd1 Re1 23. Bg3 Re3 24. Qf1 Rae8 25. Rc1 R3e7 26. Rc2 d4 27. c4
Bc7 28. Bf2 Bf4 29. b3 c5 30. Re2 Qd6 31. Rxe7 Qxe7 32. Kh3 Be3 33. Bh4 Qc7 34.
Bc2 Qa5 35. Qb1 f6 36. Be4 b6 37. Be1 Bd2 38. Bg3 Qc3 39. Kh4 Rd8 40. Bd5+ Kh8
41. Qe4 Qe3 42. Qe6 Qxe6 43. fxe6 d3 44. Bc7 Re8 45. f4 Be1+ 46. Kh3 d2 47. Bf3
Rxe6 0-1

[Event "I Open Lago Maggiore A"]
[Site "Leggiuno ITA"]
[Date "2014.05.31"]
[Round "1"]
[White "Bender, Dirk"]
[Black "Moroni, Luca jr"]
[WhiteElo "2072"]
[BlackElo "2327"]
[Result "0-1"]
[PlyCount "94"]
[EventDate "2014.05.30"]

1. c4 e6 2. g3 d5 3. cxd5 exd5 4. d4 c6 5. Bg2 Nf6 6. e3 Bf5 7. Nc3 Bd6 8. Nge2
O-O 9. f3 Re8 10. O-O Nbd7 11. Qb3 Qb6 12. Qxb6 axb6 13. g4 Bd3 14. g5 Nh5 15.
Bh3 Nf8 16. Bg4 g6 17. Bxh5 gxh5 18. Rf2 b5 19. Ng3 Bg6 20. f4 h4 21. Nf1 b4
22. Ne2 Bd3 23. f5 Nd7 24. Nf4 Be4 25. Ng2 h3 26. Nh4 h6 27. g6 fxg6 28. Nxg6
Kh7 29. Ng3 Bxg3 30. hxg3 Bxf5 31. Ne5 Nxe5 32. dxe5 Rxe5 33. Bd2 c5 34. b3 b6
35. Kh2 Be6 36. Bc1 Rf5 37. Rxf5 Bxf5 38. Bd2 Bc2 39. Rf1 Rxa2 40. Kxh3 Be4 41.
Rf2 c4 42. bxc4 dxc4 43. Rf7+ Kg8 44. Re7 Rxd2 45. Rxe4 Rc2 46. Re6 b3 47. Rxb6
b2 0-1

[Event "I Open Lago Maggiore A"]
[Site "Leggiuno ITA"]
[Date "2014.05.31"]
[Round "1"]
[White "Boschetti, Claudio"]
[Black "Sipos, Istvan"]
[WhiteElo "2114"]
[BlackElo "2477"]
[Result "0-1"]
[PlyCount "120"]
[EventDate "2014.05.30"]

1. e4 e6 2. c4 d5 3. exd5 exd5 4. cxd5 Nf6 5. Bb5+ Nbd7 6. Nc3 Be7 7. Nf3 O-O
8. O-O Nb6 9. d3 Nbxd5 10. Bc4 c6 11. Re1 Bf5 12. Ne5 Be6 13. Bg5 Qb6 14. Na4
Qa5 15. Bd2 Bb4 16. Bxb4 Qxb4 17. a3 Qd6 18. Rc1 Rfe8 19. d4 Nf4 20. Bf1 Bd5
21. Nc5 Re7 22. g3 Ng6 23. f4 Rd8 24. Qa4 b6 25. Ncd3 Nd7 26. Bh3 Ngxe5 27.
dxe5 Qh6 28. Bg2 Bxg2 29. Kxg2 Nc5 30. Rxc5 bxc5 31. Qc4 Qh5 32. Nf2 Rb7 33. e6
Qd5+ 34. Qxd5 cxd5 35. Nd3 c4 36. Nb4 fxe6 37. Rxe6 a5 38. Nc6 Rxb2+ 39. Kh3
Rf8 40. Rd6 Rd2 41. Ne7+ Kh8 42. Rc6 g6 43. Rc5 Rd8 44. Rc7 Re2 45. Nc6 Rde8
46. Nxa5 R2e7 47. Rc5 Rd7 48. a4 d4 49. Nxc4 d3 50. Ne5 d2 51. Nxd7 d1=Q 52.
Ne5 Re7 53. a5 g5 54. Rc8+ Kg7 55. Rc5 Qh5+ 56. Kg2 Qe2+ 57. Kh3 h5 58. Rc1
Rxe5 59. fxe5 g4+ 60. Kh4 Qxh2+ 0-1

[Event "I Open Lago Maggiore A"]
[Site "Leggiuno ITA"]
[Date "2014.05.31"]
[Round "1"]
[White "Cacciola, Alfredo"]
[Black "Mantovani, Renzo"]
[WhiteElo "2104"]
[BlackElo "2346"]
[Result "0-1"]
[PlyCount "110"]
[EventDate "2014.05.30"]

1. e4 c5 2. Nf3 d6 3. d4 cxd4 4. Nxd4 Nf6 5. Nc3 a6 6. Be2 e5 7. Nb3 Be7 8. O-O
Nbd7 9. a4 b6 10. Be3 Bb7 11. f3 O-O 12. Qd2 Qc7 13. Rfd1 Rac8 14. Nc1 Bc6 15.
N1a2 b5 16. axb5 Bxb5 17. Nb4 Qb7 18. Nbd5 Nxd5 19. Nxd5 Bd8 20. b3 Bxe2 21.
Qxe2 Nb6 22. Ra2 Nxd5 23. Rxd5 Rc6 24. Qd3 Bb6 25. Kf2 h5 26. Bxb6 Qxb6+ 27.
Qe3 Qb4 28. Qd2 Qb6+ 29. Qe3 Qc7 30. c4 Rb8 31. Raa5 Rcb6 32. Ra3 g6 33. Kg3
Kg7 34. h4 Qb7 35. Rd2 Qe7 36. Rd3 d5 37. c5 d4 38. Qc1 Rc8 39. Ra5 Rf6 40. Kh3
Qd7+ 41. Kh2 Rb8 42. Qc4 Rb5 43. Rxb5 axb5 44. Qd5 Qe7 45. g3 Ra6 46. b4 Ra4
47. Qb3 g5 48. hxg5 Qxg5 49. c6 h4 50. gxh4 Qxh4+ 51. Kg2 Qe1 52. Rd1 Qe2+ 53.
Kh3 Ra2 54. Rg1+ Kf6 55. Kg4 Ra8 0-1

[Event "I Open Lago Maggiore A"]
[Site "Leggiuno ITA"]
[Date "2014.05.31"]
[Round "1"]
[White "Kiss, Pal"]
[Black "Tomasini, Giovanni"]
[WhiteElo "2348"]
[BlackElo "2105"]
[Result "0-1"]
[PlyCount "100"]
[EventDate "2014.05.30"]

1. d4 Nf6 2. c4 g6 3. Nc3 Bg7 4. e4 d6 5. Nf3 O-O 6. Be2 e5 7. O-O Nc6 8. d5
Ne7 9. Ne1 a5 10. Nd3 Bd7 11. Be3 b6 12. b3 Ne8 13. f3 f5 14. g4 f4 15. Bf2 g5
16. a3 Nf6 17. b4 Ng6 18. c5 axb4 19. axb4 Rxa1 20. Qxa1 h5 21. gxh5 Nxh5 22.
cxb6 cxb6 23. Kh1 g4 24. fxg4 f3 25. gxh5 fxe2 26. Rg1 Qf6 27. Rxg6 Qf3+ 28.
Kg1 Qxh5 29. Rg3 Rf6 30. Qc1 Rg6 31. Nxe2 Bg4 32. Nc3 Bh6 33. Be3 Bg7 34. Qd2
Bf6 35. Bxb6 Bh4 36. Bf2 Bf3 37. Ne1 Bxg3 38. Bxg3 Bg4 39. b5 Rf6 40. Nd3 Bh3
41. Nf2 Qf3 42. Qg5+ Kf7 43. Qxf6+ Kxf6 44. Nxh3 Qxc3 45. Nf2 Qb3 46. Kg2 Qxb5
47. Kh3 Qf1+ 48. Kg4 Qe2+ 49. Kh3 Qf3 50. Kh4 Kg6 0-1

[Event "I Open Lago Maggiore A"]
[Site "Leggiuno ITA"]
[Date "2014.05.31"]
[Round "1"]
[White "Qendro, Llambi"]
[Black "Ceccarini, Marco"]
[WhiteElo "2338"]
[BlackElo "2095"]
[Result "1/2-1/2"]
[PlyCount "70"]
[EventDate "2014.05.30"]

1. d4 f5 2. Nf3 Nf6 3. g3 g6 4. Bg2 Bg7 5. O-O O-O 6. c4 d6 7. Nc3 Nc6 8. d5
Na5 9. Qd3 e5 10. dxe6 Bxe6 11. b3 Nc6 12. Bb2 Ne4 13. Rac1 Nb4 14. Qb1 Nxc3
15. Bxc3 Bxc3 16. Rxc3 Qf6 17. Rcc1 f4 18. Qa1 Qxa1 19. Rxa1 fxg3 20. hxg3 Nc6
21. Rad1 Rae8 22. Nd4 Nxd4 23. Rxd4 b6 24. Bc6 Rd8 25. Kg2 Bd7 26. Bd5+ Kg7 27.
Rfd1 Rde8 28. Re4 Bf5 29. Rxe8 Rxe8 30. e3 Be4+ 31. Kf1 a5 32. Ke2 g5 33. f3
Bf5 34. Bc6 Re7 35. e4 Be6 1/2-1/2

[Event "I Open Lago Maggiore A"]
[Site "Leggiuno ITA"]
[Date "2014.05.31"]
[Round "1"]
[White "Rodolfo Masera, Giovanni Luca"]
[Black "Paleologu, Vladimir"]
[WhiteElo "1943"]
[BlackElo "2159"]
[Result "0-1"]
[PlyCount "48"]
[EventDate "2014.05.30"]

1. d4 d6 2. c4 g6 3. g3 Bg7 4. Bg2 c6 5. Nf3 f5 6. O-O Nf6 7. Nc3 O-O 8. Qc2
Na6 9. e4 fxe4 10. Nxe4 Nxe4 11. Qxe4 Bf5 12. Qe2 Qd7 13. Bd2 c5 14. dxc5 Nxc5
15. Rfe1 Nd3 16. Ng5 Nxe1 17. Rxe1 Bd4 18. Kh1 d5 19. b3 Kg7 20. Bxd5 h6 21.
Ne4 Bxe4+ 22. Qxe4 Rxf2 23. Bf4 Qh3 24. g4 Rf1+ 0-1

[Event "I Open Lago Maggiore A"]
[Site "Leggiuno ITA"]
[Date "2014.05.31"]
[Round "1"]
[White "Sanchez, Joseph"]
[Black "Medici, Simone"]
[WhiteElo "2512"]
[BlackElo "2122"]
[Result "1-0"]
[PlyCount "35"]
[EventDate "2014.05.30"]

1. e4 c6 2. d4 d5 3. f3 dxe4 4. fxe4 e5 5. Nf3 exd4 6. Bc4 Be6 7. Bxe6 fxe6 8.
O-O Be7 9. Nxd4 Na6 10. Be3 Nf6 11. e5 Nd5 12. Nxe6 Qd7 13. Nxg7+ Kd8 14. e6
Qd6 15. Bd4 Rg8 16. Nf5 Qxe6 17. c4 Qe4 18. Ng3 1-0

[Event "I Open Lago Maggiore A"]
[Site "Leggiuno ITA"]
[Date "2014.05.31"]
[Round "2"]
[White "Ceccarini, Marco"]
[Black "Kiss, Pal"]
[WhiteElo "2095"]
[BlackElo "2348"]
[Result "1/2-1/2"]
[PlyCount "73"]
[EventDate "2014.05.30"]

1. e4 c5 2. Nc3 Nc6 3. g3 g6 4. Bg2 Bg7 5. d3 d6 6. Be3 e6 7. Qd2 Rb8 8. Nge2
Nd4 9. O-O Ne7 10. Nd1 O-O 11. c3 Nxe2+ 12. Qxe2 b6 13. f4 Ba6 14. g4 f5 15.
exf5 gxf5 16. Bf2 Qd7 17. Re1 Ng6 18. Bg3 e5 19. gxf5 Qxf5 20. Be4 Qd7 21. f5
d5 22. Bg2 Qxf5 23. Bxd5+ Kh8 24. Be4 Qg5 25. Ne3 Nf4 26. Qg4 Qxg4 27. Nxg4
Rbd8 28. Rad1 Nxd3 29. Bxd3 Rxd3 30. Rxd3 Bxd3 31. Bxe5 Bg6 32. Bxg7+ Kxg7 33.
Kg2 Rf7 34. Re2 Rd7 35. Ne5 Re7 36. Kg3 Bf7 37. Kf4 1/2-1/2

[Event "I Open Lago Maggiore A"]
[Site "Leggiuno ITA"]
[Date "2014.05.31"]
[Round "2"]
[White "Gardi, Giuseppe"]
[Black "Boschetti, Claudio"]
[WhiteElo "1958"]
[BlackElo "2114"]
[Result "1/2-1/2"]
[PlyCount "59"]
[EventDate "2014.05.30"]

1. d4 Nf6 2. c4 e5 3. dxe5 Ng4 4. e3 Nxe5 5. Nc3 d6 6. f4 Nec6 7. a3 a5 8. Bd3
g6 9. Bd2 Bg7 10. Nf3 Nd7 11. O-O Nc5 12. Bc2 O-O 13. Rb1 Be6 14. Qe2 a4 15.
Ng5 Bd7 16. Nd5 h6 17. Nf3 Re8 18. Bc3 Ne4 19. Bxg7 Kxg7 20. Qd1 Na5 21. Qd4+
Nf6 22. e4 b5 23. e5 Nxd5 24. cxd5 c5 25. dxc6 Nxc6 26. Qxd6 Qb6+ 27. Kh1 Re6
28. Qd2 Re7 29. Be4 Rae8 30. Qc3 1/2-1/2